Pakistan China relations. : (Record no. 378)

MARC details
000 -LEADER
fixed length control field 00505cam a2200181ua 4500
008 - FIXED-LENGTH DATA ELEMENTS--GENERAL INFORMATION
fixed length control field 110406n ii |||gr||||Z||||||eng
040 ## - CATALOGING SOURCE
Transcribing agency MAIN
082 ## - DEWEY DECIMAL CLASSIFICATION NUMBER
Classification number 327.5491051
245 11 - TITLE STATEMENT
Title Pakistan China relations. :
Remainder of title search for politico-strategic relationship. /
Statement of responsibility, etc. By P. L. Bhola.
250 ## - EDITION STATEMENT
Edition statement 1st.
260 ## - PUBLICATION, DISTRIBUTION, ETC.
Place of publication, distribution, etc. Jaipur.:
Name of publisher, distributor, etc. R.B.S.A. publishers.,986.
300 ## - PHYSICAL DESCRIPTION
Extent 304 p.:6 cm.
700 1# - ADDED ENTRY--PERSONAL NAME
Personal name Bhola, P. L.,
942 ## - ADDED ENTRY ELEMENTS (KOHA)
Koha item type Books
653 ## - INDEX TERM--UNCONTROLLED
Uncontrolled term Political science.
653 ## - INDEX TERM--UNCONTROLLED
Uncontrolled term Pakistan China relations.
Holdings
Withdrawn status Lost status Damaged status Not for loan Home library Current library Shelving location Date acquired Total Checkouts Full call number Barcode Date last seen Copy number Price effective from Koha item type
        Central Library, Naharkatiya College Central Library, Naharkatiya College   19/09/2020   327.5491051 | BHO 796 19/09/2020 1 19/09/2020 Books

Naharkatiya College © 2020. All rights reserved.

Powered By